Dos artículos sobre la encíclica "Mater et Magistra" / [por] Wilhelm Ropeke

Guardado en:
Bibliografiske detaljer
Hovedforfatter: Ropeke, Wilhelm (autor)
Andre forfattere: I. Albiol, Joaquín Reig (autor) (autor)
Format: Bog
Fag:
Tags: Tilføj Tag
Ingen Tags, Vær først til at tagge denne postø!

MARC

LEADER 00000nam^a2200000^u^4500
001 000546163
005 20250521000000.0
008 060220s1000^^^^^^^^^^^^r^^^^^000^0^spa^d
009 20260310131404.642
035 |a FMI 000015698 
037 |a Acervo Xavier Clavigero 
096 |a 5.7.5/56/E 
100 |a Ropeke, Wilhelm  |e (autor) 
245 1 0 |a Dos artículos sobre la encíclica "Mater et Magistra" / [por] Wilhelm Ropeke 
264 |a México : Instituto de Investigaciones Sociales y Económicas, A.C., 1961 
300 |a 1 v. (sin paginación) 
336 |a texto  |b txt  |2 rdacontenido 
337 |a sin mediación  |b n  |2 rdamedio 
338 |a volumen  |b nc  |2 rdasoporte 
597 |a Incluye: El aspecto económico de la encíclica " Mater et Magistra" por Joaquín Reig Albiol 
649 |a XX 
650 |a DOCTRINA SOCIAL CATOLICA 
740 |a El aspecto económico de la encíclica "Mater et Magistra" 
700 |a I. Albiol, Joaquín Reig  |e (autor) 
910 |a Fondo Francisco Migoya Covarrubias S.J. 
920 |a Impresos - Libros 
930 |a Fondos Especiales 
905 |a 134 
901 |a SBC22617  |b IT2  |c ESP  |u 20250521 
902 |a https://opac.biblio.iteso.mx/vufind/Record/000546163